000 00943nam a2200313Ia 4500
008 160803s9999 xx 000 0 und d
020 _a978-1416939399
100 _aPaulsen, Gary
245 _aWoodsong /
245 _cwritten by Gary Paulsen.
260 _aNew York :
260 _bScholastic Inc.
260 _c1991
300 _a132 p. :
300 _billustrations, map ;
300 _c20 cm.
500 _aOriginally published: New York : Bradbury Press, c1990.
650 _aDogsledding -- Minnesota --
650 _aMinnesota -- Biography --
650 _aMinnesota -- Social life and customs --
650 _aOutdoor life -- Minnesota --
650 _aPaulsen, Gary -- Homes and haunts -- Minnesota --
650 _xJuvenile literature.
650 _xJuvenile literature.
650 _xJuvenile literature.
650 _xJuvenile literature.
650 _xJuvenile literature.
700 _a1090
999 _c298480
_d298480